| 000 | 00426nam a2200145Ia 4500 | ||
|---|---|---|---|
| 008 | 230917s9999||||xx |||||||||||||| ||und|| | ||
| 040 |
_e5013415 _aMAIN |
||
| 041 | _aEnglish | ||
| 082 | _a155.5 K128S | ||
| 100 | _aKamboj, Shilpa | ||
| 245 | 0 | _aSelf-worth achievements goals, locus of control and emotional maturity as correlates of academic dishonesty among adolescents | |
| 260 | _c2021 | ||
| 300 | _a138 p. | ||
| 942 | _cBK | ||
| 999 |
_c10454 _d10454 |
||